| 000 | 02462nam0a2200409 4500 | ||
|---|---|---|---|
| 001 | RU\NLR\bibl\282621 | ||
| 005 | 20260407063654.0 | ||
| 021 |
_aRU _b2002-9881 _9491 |
||
| 035 | _a(NLR Aleph) 000278073 | ||
| 090 |
_a1626891 _c1626891 |
||
| 100 | _a20020618d2001 |||y0rusy50 ca | ||
| 101 | 0 | _arus | |
| 102 | _aRU | ||
| 105 | _ay ||||||||| | ||
| 200 | 1 |
_aПолимеразная цепная реакция в диагностике урогенитальных инфекций _eПособие для врачей _fМ-во здравоохранения Рос. Федерации, Центр. н.-и. кож.-венерол. ин-т, (ЦНИКВИ), Науч.-метод. и лечеб.-консультатив. центр по пробл. герпет. инфекций кожи, слизистых оболочек, урогенитал. тракта и папилломавирус. инфекций Минздрава России _g[Сост. проф. В.И. Киселевым и др.] |
|
| 210 |
_aМ. _cБ. и. _d2001 |
||
| 215 |
_a16 с. _d20 |
||
| 320 | _aБиблиогр.: с. 16 | ||
| 606 | 1 |
_aМочевые пути _jРуководства, пособия и т.п _xИнфекции _xДиагностика _xПолимеразной цепной реакции метод _92505578 _3RU\NLR\AUTH\661485747 |
|
| 606 | 0 |
_aИнфекционные болезни половых органов _jРуководства, пособия и т.п. _xДиагностика _xПолимеразной цепной реакции метод _92251020 _3RU\NLR\auth\661350208 |
|
| 610 | 0 | _aВенерические болезни - Диагностика лабораторная | |
| 610 | 0 | _aМочеполовая система - Болезни инфекционные - Диагностика лабораторная | |
| 675 |
_a[616.6 _v3 _zrus |
||
| 675 |
_a618.1]-022.6-076 _v3 _zrus |
||
| 686 |
_a76.29 _2rugasnti |
||
| 686 |
_a56.9 _2rubbk |
||
| 686 | _aР696.016-450я77 | ||
| 686 | _aР715.016-450я77 | ||
| 702 | 1 |
_aКиселев _bВ. И. _4220 |
|
| 712 | 0 | 2 |
_4570 _aЦентральный научно-исследовательский кожно-венерологический институт _cМосква _9560699 _3RU\NLR\AUTH\8810031025 |
| 801 | 0 |
_aRU _bRKP _c20020618 _gPSBO |
|
| 801 | 1 |
_aRU _bRKP _c20020618 |
|
| 801 | 2 |
_aRU _bNLR _c20040318 _grcr |
|
| 942 | _cBOOK | ||
| 980 | _aNB | ||